000 00313nam a2200145Ia 4500
100 _aWright/ Gary R/ Stevens/ W.R.
490 _v2
942 _cBK
654 _aTCP/IP
245 _aTCP/IP Illustrated Vol 2
260 _bADDISON WESLEY
_aReading
_c1995
300 _a1174
546 _aENGLISH
999 _c31079
_d31079